Cartilla Ábaco : (Registro nro. 38362)

Detalles MARC
000 -CABECERA
Longitud fija campo de control 00933nam a2200277 a 4500
003 - IDENTIFICADOR DEL NUMERO DE CONTROL
Identificador del número de control CO-BoRNBP
005 - FECHA Y HORA DE LA ULTIMA TRANSACCION
Fecha y hora de la última transacción 20241001092800.0
007 - CAMPO FIJO DE DESCRIPCION FISICA
Campo fijo de descripción física ta
008 - CODIGOS DE INFORMACION DE LONGITUD FIJA
Códigos de información de longitud fija 040213s2002----ck-a---gr-----000-0-spa-d
040 ## - FUENTE DE LA CATALOGACION
Centro catalogador de origen CO-BoUNC
Lengua de catalogación spa
Centro transcriptor CO-BoRNBP
Normas de descripción rda
082 04 - NUMERO DE LA CLASIFICACION DECIMAL DEWEY
Número de clasificación (R) 371.911 S15c3
Número de edición 21
100 1# - PUNTO DE ACCESO PRINCIPAL-NOMBRE DE PERSONA
Nombre de persona Sánchez Cantor, Gladys
245 10 - TITULO PROPIAMENTE DICHO
Título Cartilla Ábaco :
Resto del título tercera parte /
Mención de responsabilidad, etc. Gladys Sánchez Cantor, Gloria Janneth Peña Castañeda
250 ## - MENCION DE EDICION
Mención de edición Primera edición
300 ## - DESCRIPCION FISICA
Extensión 29 p.
Otras características físicas il.
336 ## - TIPO DE CONTENIDO
Fuente rdacontenido
Término de tipo de contenido texto
Código de tipo de contenido txt
337 ## - TIPO DE MEDIO
Fuente rdamedio
Nombre del tipo de medio sin mediación
Código del tipo de medio n
338 ## - TIPO DE SOPORTE
Fuente rdasoporte
Nombre del tipo de soporte volumen
Código del tipo de soporte nc
504 ## - NOTA DE BIBLIOGRAFIA, ETC
Nota de bibliografía, etc. Bibliografía : p.29
650 17 - PUNTO DE ACCESO ADICIONAL DE MATERIA - TERMINO DE MATERIA
Término de materia o nombre geográfico como elemento inicial Abaco
Subdivisión de materia general Enseñanza
Fuente del encabezamiento LEMB
650 17 - PUNTO DE ACCESO ADICIONAL DE MATERIA - TERMINO DE MATERIA
Término de materia o nombre geográfico como elemento inicial Educación de ciegos
Subdivisión de forma Manuales
Fuente del encabezamiento LEMB
650 17 - PUNTO DE ACCESO ADICIONAL DE MATERIA - TERMINO DE MATERIA
Término de materia o nombre geográfico como elemento inicial Matemáticas
Subdivisión de materia general Enseñanza
Fuente del encabezamiento LEMB
700 1# - PUNTO DE ACCESO ADICIONAL - NOMBRE DE PERSONA
Nombre de persona Peña Castañeda, Gloria Janneth
710 2# - PUNTO DE ACCESO ADICIONAL - NOMBRE DE ENTIDAD
Nombre de entidad o nombre de jurisdicción como elemento inicial Instituto Nacional para Ciegos (INCI)
942 ## - ENTRADA DE ELEMENTOS AGREGADOS (KOHA)
Fuente de clasificaión o esquema Dewey Decimal Classification
Koha [por defecto] tipo de item LIbro
Existencias
Perdido Fuente de clasificación o esquema Estado Físico No para préstamo Forma de adquisición Localización permanente Localización actual Localización en estanterías Fecha adquisición Préstamos totales Signatura completa Código de barras Fecha última consulta Número de copia Fecha del precio de reemplazo Tipo de item de Koha
  Dewey Decimal Classification     Colección General Biblioteca Pública Puerto López - Jorge Eliecer Gaitán Biblioteca Pública Puerto López - Jorge Eliecer Gaitán General 08/21/2025   371.911 S15c3 PLZ02690 08/21/2025 Ej.1 08/21/2025 LIbro
  Dewey Decimal Classification     Colección General Biblioteca Pública Acacias - Carlos María Hernández Rojas Biblioteca Pública Acacias - Carlos María Hernández Rojas General 07/22/2025   371.911 S15c3 ACA02756 07/22/2025 Ej.1 07/22/2025 LIbro
  Dewey Decimal Classification     Colección General Biblioteca Pública Guamal Biblioteca Pública Guamal General 10/01/2024   371.911 S15c3 GUA004138 10/01/2024 Ej.1 10/01/2024 LIbro









Instituto Departamental de Cultura del Meta - Red Departamental de Bibliotecas Públicas del Meta.